000 01235nam0a22002531 4500
001 rc\927701
005 20260407011545.0
035 _a(NLR Aleph) 006101296
090 _a5261726
_c5261726
100 _a20041129d1982 |||y0rusy50 ca
101 0 _arus
102 _aRU
105 _aa |||||||||
200 1 _aИван Лубенников, Виктор Харлов
_eМонум. искусство, живопись
_eКаталог выставки
_f[Сост. каталога Е.А. Лисенкова
_gАвт. вступ. статьи О.Н. Щеголев]
210 _aМ.
_cСов. художник
_d1982
215 _a[15] с.
_cил.
_d22
300 _aВ надзаг.: Моск. орг. Союза художников РСФСР
710 1 0 _aЛубенников,
_gИван Леонидович, Харлов, Виктор Георгиевич
_hВыставка произведений
_f1982
_eМосква
_3RU\NLR\AUTH\889986165
_9468000
712 1 0 _aХарлов,
_gВиктор Георгиевич
_hВыставка произведений
_f1982
_eМосква
_3RU\NLR\AUTH\889998932
_9495281
801 0 _aRU
_bNLR
_gpsbo
801 1 _aRU
_bELAR
_2rusmarc
852 _aNLR
_bЭ
_jКП/Л821
942 _cBOOK
980 _aNB